MARC-Details
| 000 -Satzkennung |
| Kontrollfeld mit fester Länge |
02483nam a2200505 c 4500 |
| 001 - Kontrollnummer |
| Kontrollfeld |
BV047486745 |
| 003 - Kontrollnummer Identifier |
| Kontrollfeld |
DE-604 |
| 005 - Datum und Zeit der letzten Transaktion |
| Kontrollfeld |
20251127125330.0 |
| 007 - Feld mit fester Länge zur physischen Beschreibung - Allgemeine Information |
| Kontrollfeld mit fester Länge |
t| |
| 008 - Feld mit fester Länge zur physischen Beschreibung - Allgemeine Angaben |
| Kontrollfeld mit fester Länge |
210928s2019 ru a||| |||| 00||| rus d |
| 020 ## - Internationale Standardbuchnummer |
| Internationale Standardbuchnummer |
9785604253694 |
| Verknüpfung |
978-5-604-25369-4 |
| 035 ## - Systemkontrollnummer |
| System-Kontrollnummer |
(OCoLC)1277012655 |
| 035 ## - Systemkontrollnummer |
| System-Kontrollnummer |
(DE-599)KXP1698594585 |
| 040 ## - Katalogisierungsquelle |
| Original-Katalogisierungsstelle |
DE-604 |
| Katalogisierungssprache |
ger |
| Übertragungsstelle |
RU-10907106 |
| 041 0# - Sprachcode |
| Sprachcode des Textes/der Tonspur oder des separaten Titels |
rus |
| 044 ## - Ländercode der veröffentlichenden/herstellenden Stelle |
| MARC-Ländercode |
ru |
| ISO-Ländercode |
XA-RU |
| 049 ## - Lokaler Bestand (OCLC) |
| Holding library |
DE-12 |
| 084 ## - Andere Notation |
| Zuweisende Stelle |
DE-12 |
| 100 1# - Haupteintragung - Personenname |
| Verknüpfung |
880-01 |
| Personenname |
Tachnaeva, Patimat Ibragimovna |
| Datumsangaben in Verbindung mit einem Namen |
1967- |
| Funktionsbezeichnung |
Verfasser |
| IDN des Normdatensatzes oder Standardnummer |
(DE-588)1200435478 |
| Funktionsbezeichnungscode |
aut |
| Koha-Normdatenidentnummer |
67771 |
| 245 10 - Titel |
| Verknüpfung |
880-03 |
| Titel |
Chadži-Murat |
| Zusatz zum Titel |
Chadžimurad iz Chunzacha |
| Verfasserangabe etc. |
P.I. Tachnaeva |
| 264 #1 - Produktion, Veröffentlichung, Distribution, Herstellung und Urheberrechtsvermerk |
| Verknüpfung |
880-04 |
| Herstellungs-, Veröffentlichungs- Vertriebs-, Erzeugungsort |
Moskva |
| Produzent, Herausgeber, Distributor, Hersteller |
Rossijskaja akademija nauk. Institut vostokovedenija |
| Datum der Herstellung, der Veröffentlichung, des Vertriebs oder des Urheberschutzvermerks |
2019 |
| 300 ## - Physische Beschreibung |
| Umfang |
678 Seiten, 8 ungezählte Seiten Bildtafeln |
| Andere physische Details |
Illustrationen |
| Maße |
25 cm |
| 336 ## - Inhaltstyp |
| Inhaltstypcode |
txt |
| Quelle |
rdacontent |
| Inhaltstypterm |
Text |
| 337 ## - Medientyp |
| Medientypcode |
n |
| Quelle |
rdamedia |
| 338 ## - Datenträgertyp |
| Datenträgertypcode |
nc |
| Quelle |
rdacarrier |
| 500 ## - Allgemeine Fußnote |
| Allgemeine Fußnote |
Quellen- und Literaturverzeichnis: Seite 660-[670] |
| 546 ## - Fußnote zur Sprache |
| Sprache |
Text russisch |
| 546 ## - Fußnote zur Sprache |
| Angabe des Codes oder Alphabets |
Kyrillisch |
| 600 07 - Nebeneintragung unter einem Schlagwort - Personenname |
| Personenname |
Chadži-Murat |
| Datumsangaben in Verbindung mit einem Namen |
1795-1852 |
| IDN des Normdatensatzes oder Standardnummer |
(DE-588)13623240X |
| Quelle der Ansetzung oder des Terms |
gnd |
| Koha-Normdatenidentnummer |
rswk-swf |
| 650 07 - Nebeneintragung unter einem Schlagwort - Sachschlagwort |
| Sachschlagwort oder geografischer Name als Eintragungselement |
Kaukasuskrieg |
| Sonstige Informationen |
1817-1864 |
| IDN des Normdatensatzes oder Standardnummer |
(DE-588)4619588-9 |
| Quelle der Ansetzung oder des Terms |
gnd |
| Koha-Normdatenidentnummer |
rswk-swf |
| 655 #7 - Indexierungsterm - Genre/Form |
| IDN des Normdatensatzes |
|
| Genre/Form oder fokussierter Term |
Biografie |
| Quelle der Ansetzung oder des Terms |
gnd-content |
| Koha-Normdatenidentnummer |
480 |
| 710 2# - Nebeneintragung - Körperschaftsname |
| Verknüpfung |
880-02 |
| Körperschafts- oder Gebietskörperschaftsname als Eintragungselement |
Institut vostokovedenija (Moskau) |
| IDN des Normdatensatzes oder Standardnummer |
(DE-588)1007674-8 |
| Funktionsbezeichnungscode |
isb |
| Koha-Normdatenidentnummer |
2576 |
| 856 4# - Elektronische Adresse und Zugriff |
| Kontaktstelle für Hilfe beim Zugriff |
Digitalisierung BSB München 19 - ADAM Catalogue Enrichment |
| URL |
<a href="https://bvbr.bib-bvb.de:443/F?func=service&doc_library=BVB01&local_base=BVB01&doc_number=032888118&sequence=000001&line_number=0001&func_code=DB_RECORDS&service_type=MEDIA">https://bvbr.bib-bvb.de:443/F?func=service&doc_library=BVB01&local_base=BVB01&doc_number=032888118&sequence=000001&line_number=0001&func_code=DB_RECORDS&service_type=MEDIA</a> |
| OPAC-Notiz |
Inhaltsverzeichnis |
| 856 4# - Elektronische Adresse und Zugriff |
| Kontaktstelle für Hilfe beim Zugriff |
Digitalisierung BSB München 19 - ADAM Catalogue Enrichment |
| URL |
<a href="https://bvbr.bib-bvb.de:443/F?func=service&doc_library=BVB01&local_base=BVB01&doc_number=032888118&sequence=000003&line_number=0002&func_code=DB_RECORDS&service_type=MEDIA">https://bvbr.bib-bvb.de:443/F?func=service&doc_library=BVB01&local_base=BVB01&doc_number=032888118&sequence=000003&line_number=0002&func_code=DB_RECORDS&service_type=MEDIA</a> |
| OPAC-Notiz |
Literaturverzeichnis |
| 880 1# - Andersschriftliche Darstellung |
| Verknüpfung |
100-01/(N |
| a |
Тахнаева, Патимат Ибрагимовна |
| 4 |
aut |
| 880 2# - Andersschriftliche Darstellung |
| Verknüpfung |
710-02/(N |
| a |
Институт востоковедения |
| 4 |
4isb |
| 880 10 - Andersschriftliche Darstellung |
| Verknüpfung |
245-03/(N |
| a |
Хаджи-Мурат |
| b |
Хаджимурад из Хунзаха |
| c |
П.И. Тахнаева |
| 880 #1 - Andersschriftliche Darstellung |
| Verknüpfung |
264-04/(N |
| a |
Москва |
| b |
Российская академия наук. Институт востоковедения |
| c |
2019 |
| 940 1# - EQUIVALENCE OR CROSS-REFERENCE--UNIFORM TITLE [OBSOLETE] [CAN/MARC only] |
| Erscheinungsjahr eines Werkes |
sla |
| 940 1# - EQUIVALENCE OR CROSS-REFERENCE--UNIFORM TITLE [OBSOLETE] [CAN/MARC only] |
| Zählung des Teils/der Abteilung eines Werkes |
oe |
| 942 11 - Zusätzliche Felder (Koha) |
| Koha-Medientyp |
Monographien |
| Ausgabe |
22/bsb |
| Klassifikation oder Aufstellungssystematik |
Andere/Generische Klassifikation |